01754cam a22003494a 4500999001900000001000900019003000500028005001700033008004100050010001700091020001800108020002600126038000600152040001800158043002100176050002500197082002100222100003700243245008600280250001200366260003800378300003400416520047900450650004400929650005100973651006601024651006601090651005101156906004501207942001201252952014001264 c478839d47883916012289NUST20180801054557.0091208s2010 nyub 000 0 eng  a 2009049752 a9781400067466 a9780679604051 (ebook) a0 aDLCcDLCdDLC ai------an-us---00aDS341.3.U6bK37 201000a327.730182/42221 aKaplan, Robert D.,d1952-91220310aMonsoon :bthe Indian Ocean and the future of American power /cRobert D. Kaplan. a1st ed. aNew York :bRandom House,cc2010. axiv, 374 p. :bmaps ;c25 cm. aIn "Monsoon," a pivotal examination of the Indian Ocean region and the countries known as "Monsoon Asia," bestselling author Robert D. Kaplan deftly shows how crucial this dynamic area has become to American power in the twenty-first century. Kaplan also offers riveting insights into the economic and naval strategies of China and India and how they will affect U.S. interests, while also providing an on-the-ground perspective on the more volatile countries in the region. 0aNational securityzUnited States.97976 0aNational securityzIndian Ocean Region.912204 0aUnited StatesxForeign relationszIndian Ocean Region.912205 0aIndian Ocean RegionxForeign relationszUnited States.912206 0aIndian Ocean RegionxStrategic aspects.912207 a7bcbccorignewd1eecipf20gy-gencatlg 2ddccBK 00102ddc40708NFICaNLSbNLScGENd2018-08-01l2m3o327.730182/4 KAPpS3H-S-375q2025-11-29r2025-10-30s2025-10-30w2018-08-01yBK